Asia in transition / (Record no. 146812)
[ view plain ]
| 000 -LEADER | |
|---|---|
| fixed length control field | 00711nam a22002177a 4500 |
| 005 - DATE AND TIME OF LATEST TRANSACTION | |
| control field | 20171024142452.0 |
| 010 ## - LCCN (DPL NO) | |
| LC control number | ENG-121056 |
| 020 ## - INTERNATIONAL STANDARD BOOK NUMBER | |
| Terms of availability | 680.00 |
| International Standard Book Number | 9789383649723 |
| 035 ## - SYSTEM CONTROL NUMBER | |
| System control number | EN-104588 |
| 037 ## - SOURCE OF ACQUISITION | |
| Source of stock number/acquisition | DBAD/PUB |
| 082 ## - DEWEY DECIMAL CLASSIFICATION NUMBER | |
| Classification number | 950 |
| 245 ## - TITLE STATEMENT | |
| Title | Asia in transition / |
| Statement of responsibility, etc | edited by Arpita Basu Roy, Anita Sen Gupta, Suchandana Chatterjee [and] Priya Singh |
| 260 ## - PUBLICATION, DISTRIBUTION, ETC. (IMPRINT) | |
| Place of publication, distribution, etc | New Delhi |
| Name of publisher, distributor, etc | KW Publishers |
| Date of publication, distribution, etc | 2016 |
| 270 ## - ADDRESS | |
| Address | 4676/21, First Floor, Ansari Road, Daryaganj |
| City | New Delhi |
| Postal code | 110002 |
| 300 ## - PHYSICAL DESCRIPTION | |
| Extent | xviii,189p. |
| Dimensions | 23.5cm(Hb) |
| Other physical details | ill. |
| 700 ## - ADDED ENTRY--PERSONAL NAME | |
| Personal name | Roy, Arpita Basu |
| 700 ## - ADDED ENTRY--PERSONAL NAME | |
| Personal name | Gupta, Anita Sen |
| 700 ## - ADDED ENTRY--PERSONAL NAME | |
| Personal name | Chatterjee, Suchandana |
| 700 ## - ADDED ENTRY--PERSONAL NAME | |
| Personal name | Singh, Priya |
| 942 ## - ADDED ENTRY ELEMENTS (KOHA) | |
| Source of classification or shelving scheme | Dewey Decimal Classification |
| Item type | English Books |
| Classification part | 950 |
| Call number suffix | ASI |
| Withdrawn status | Lost status | Not for loan | Collection code | Home library | Current library | Date acquired | Source of acquisition | Cost, normal purchase price | Full call number | Barcode | Copy number | Cost, replacement price | Koha item type |
|---|---|---|---|---|---|---|---|---|---|---|---|---|---|
| Non-fiction | Patel Nagar | Patel Nagar | 24/10/2017 | DBAD/PUB | 680.00 | 950 ASI | EN-104588 | 1 | 680.00 | English Books |
